00635nam a22001937a 4500999001900000005001700019010001500036020003000051035001400081037001300095082001200108100001900120245005100139260003600190270004100226300003000267942002600297952011800323 c194101d19410120221207144756.0 aENG-135767 a978-81-85990-11-8c295.00 aEN-119299 bDBAD/PUB a954.042 aGoel, Sita Ram aGenesis and growth of nehruism/cSita Ram Goel aNew DelhibVoice of Indiac2018 a2/18, Ansari RoadbNew Delhie110002 a231 p.c22cm(pbk)bIndex  2ddccENmGOEh954.042 00104070aDIZbDIZd2022-12-07eDBAD/PUBg295.00l0o954.042 GOEpEN-119299r2022-12-07 00:00:00t1v295.00yEN